Word Ladder: Gregory Peck Movies Quiz Stats

 Plays Quiz Updated Jul 20, 2014

Support Sporcle.
Go Orange.
Score 0/32 Timer 04:00
0 Plays Today
Hint Answer % Correct
★ ''Moby ____'' (1956) ★●DICK●
96.4%
1935 movie: ''A ____ of Two Cities''TALE
96.3%
1949 movie: ''Down Memory ____''LANE
95.5%
★ ''To ____ a Mockingbird'' (1962) ★●KILL●
95.3%
★ ''I Walk the ____'' (1970) ★●LINE●
95.1%
Plunge headfirst into waterDIVE
94.5%
Small cubes for board gamesDICE
94.3%
Single sheet of glassPANE
94%
Choose; selectPICK
93.8%
Scottish man's pleated skirtKILT
93.5%
A strip with adhesive surfaceTAPE
93.3%
★ ''Behold a ____ Horse'' (1964) ★●PALE●
92.2%
★ ''How the ____ Was Won'' (1963) ★●WEST●
91.4%
Nothing; not oneNONE
90.1%
Droop; witherWILT
89.6%
Ridge on the body from a whip or blowWELT
89%
Hint Answer % Correct
★ ''____ Fear'' (1961) ★●CAPE●
88.6%
Annoying personPEST
88.3%
Mark left on the skin from a diseasePOCK
87.4%
★ ''The Trial of the Catonsville ____'' (1972) ●NINE●
86.9%
Place text on a websitePOST
84.2%
★ ''____ Chop [rung 32]'' (1959) ★●PORK●
81.6%
1948 movie: ''____ of Call''PORT
79.4%
★ ''The ____'' (1974) ★●DOVE●
75.4%
★ ''The Million Pound ____'' (1954) ★●NOTE●
71.2%
Bestow love on, perhaps excessivelyDOTE
71.1%
★ ''The ____ From Brazil'' (1978) ★●BOYS●
66.7%
Howls like a dogBAYS
60.9%
★ ''The Paradine ____'' (1947) ★●CASE●
59.2%
Bottom supportBASE
57.3%
★ ''[rung 23] Chop ____'' (1959) ★●HILL●
53.4%
'49 movie: ''Calamity Jane and Sam ____''BASS
50.1%

Today's Daily Dose

Missing Word
1961 Movies A-Z

Word Ladder
Study Light

Get the Picture
Bread and Butter

You're not logged in!

Compare scores with friends on all Sporcle quizzes.
OR
Log In

From the Vault

Celebrity to Politician

by tim_parr

Play this one for the Gipper.
Remove Ads.
Support Sporcle.
Get the best of Sporcle when you Go Orange. This ad-free experience offers more features, more stats, and more fun while also helping to support Sporcle. Thank you for becoming a member.

Show Comments

Extras

Top Quizzes Today


Score Distribution

Your Account Isn't Verified!

In order to create a playlist on Sporcle, you need to verify the email address you used during registration. Go to your Sporcle Settings to finish the process.

Report this User

Report this user for behavior that violates our Community Guidelines.

Details: